| Поле | Название | Значение |
| |
Тип записи |
a |
| |
Библиографический уровень |
m |
| 001 |
Контрольный номер |
RU/СЮИ МВД России/KNIGI/65.298.2я73/В60-903380 |
| 005 |
Дата корректировки |
20140508173757.3 |
| 010 |
Индекс ISBN |
__ |
| a |
ISBN |
978-5-16-003330-3 |
| 100 |
Данные общей обработки |
__ |
| a |
Данные общей обработки |
20120426d2012 |||y0rusy0189 |
| 101 |
Язык документа |
0_ |
| a |
Язык текста |
rus |
| 102 |
Страна публикации |
__ |
| a |
Страна публикации |
RU |
| 105 |
Кодированные данные (монография) |
__ |
| a |
Кодированные данные (монография) |
y j 000yy |
| 200 |
Заглавие и сведения об ответственности |
1_ |
| a |
Заглавие |
Внешнеэкономическая деятельность предприятия |
| e |
Сведения, относящиеся к заглавию |
учебник |
| f |
Первые сведения об ответственности |
под ред. И. Н. Иванова |
| 210 |
Выходные данные |
__ |
| a |
Место издания |
М. |
| c |
Издательство |
Инфра-М |
| d |
Дата издания |
2012 |
| 215 |
Физическое описание |
__ |
| a |
Объем |
296 с. |
| 225 |
Серия |
2_ |
| a |
Серия |
Высшее образование |
| 300 |
Общие примечания |
__ |
| a |
Общие примечания |
Допущено Советом УМО по дисциплине специализации специальности "Менеджмент организации" |
| 606 |
Тематические рубрики |
__ |
| a |
Основная рубрика |
Экономика организации |
| x |
Основная подрубрика |
Внешнеэкономическая деятельность предприятия |
| 620 |
Место и дата публикации, исполнения и т.д. |
__ |
| d |
Город |
Москва |
| 686 |
Индексы других классификаций |
__ |
| a |
Классификационный индекс |
65.298.2я73 |
| 2 |
Код системы |
rubbk |
| 686 |
Индексы других классификаций |
__ |
| a |
Классификационный индекс |
06.81 |
| 2 |
Код системы |
rugasnti |
| 702 |
Вторичная интеллектуальная ответственность |
_1 |
| a |
Фамилия |
Иванов |
| b |
Имя |
И. Н. |
| 4 |
Код отношения |
340 |
| 801 |
Источник записи |
_0 |
| b |
Организация |
СЮИ МВД России |
| a |
Страна |
RU |
| c |
Дата составления |
20120426 |
| 801 |
Источник записи |
_1 |
| a |
Страна |
RU |
| b |
Организация |
ПКИ |
| c |
Дата составления |
20120426 |
| 852 |
Данные о местонахождении |
__ |
| a |
Наименование организации |
СЮИ МВД России |
| b |
Сигла хранения |
ЧЗ_Поволжский филиал |
| i |
Авторский знак |
В60 |
| p |
Инвентарный номер |
140830 |
| j |
Шифр хранения |
65.298.2я73 |
| j |
Шифр хранения |
65.298.2я73 |
| 852 |
Данные о местонахождении |
__ |
| a |
Наименование организации |
СЮИ МВД России |
| b |
Сигла хранения |
ЧЗ_Поволжский филиал |
| i |
Авторский знак |
В60 |
| p |
Инвентарный номер |
140831 |
| 901 |
Тип документа |
__ |
| t |
Тип документа |
m |
| 938 |
Служебная информация |
__ |
| a |
Название организации |
Поволжский филиал |
| b |
Имя БД |
Книги_Ирбис |
| c |
Название АИБС |
АБИС ИРБИС |